Family firms, expropriation and firm value : evidence from Malaysia /
Saved in:
| 主要作者: | |
|---|---|
| 格式: | Thesis 图书 |
| 语言: | English |
| 出版: |
2013.
|
| 主题: | |
| 在线阅读: | http://studentsrepo.um.edu.my/id/eprint/5587 |
| 标签: |
添加标签
没有标签, 成为第一个标记此记录!
|
| LEADER | 01394cam a2200337 i 4500 | ||
|---|---|---|---|
| 001 | u886743 | ||
| 003 | SIRSI | ||
| 005 | 201308271125 | ||
| 008 | 130827s2013 my a t 000 0 eng m | ||
| 040 | |a UMM |d AUM |e rda | ||
| 043 | |a a-my--- | ||
| 090 | |a HF5630 |b UMP 2013 Lie | ||
| 100 | 1 | |a Liew, Chee Yoong, |e author. | |
| 245 | 1 | 0 | |a Family firms, expropriation and firm value : |b evidence from Malaysia / |c Liew Chee Yoong. |
| 264 | 1 | |c 2013. | |
| 264 | 4 | |c 2013. | |
| 300 | |a xvii, 335 leaves : |b illustrations ; |c 30 cm. | ||
| 336 | |a text |2 rdacontent | ||
| 337 | |a unmediated |2 rdamedia | ||
| 338 | |a volume |2 rdacarrier | ||
| 502 | |b Ph.D |c Jabatan Perakaunan Kewangan dan Pengauditan, Fakulti Perniagaan dan Perakaunan, Universiti Malaya |d 2013. | ||
| 504 | |a Bibliography: leaves 284-322. | ||
| 530 | |a Issued also in CD. | ||
| 650 | 0 | |a Family-owned business enterprises |z Malaysia. | |
| 650 | 0 | |a Family corporations |z Malaysia. | |
| 710 | 2 | |a Universiti Malaya. |b Jabatan Perakaunan Kewangan dan Pengauditan, |e degree granting institution. | |
| 856 | 4 | 1 | |u http://studentsrepo.um.edu.my/id/eprint/5587 |
| 900 | |a HA-ZA | ||
| 596 | |a 1 25 | ||
| 999 | |a HF5630 UMP 2013 LIE |w LC |c 1 |i A515665819 |d 7/6/2019 |e 7/6/2019 |f 9/7/2014 |g 1 |l STACKS |m P01UTAMA |n 9 |r Y |s Y |t TESIS |u 9/7/2014 | ||
| 999 | |a HF5630 UMP 2013 LIE |w LC |c 1 |i A516816356 |f 24/5/2023 |g 1 |l STACKS |m P25UMARCHI |r N |s Y |t CD |u 26/9/2017 |1 AHSS |o .STAFF. MST-CD2428 | ||
